Zenei nevelés és módszertan a pedagógiai szakközépiskolák 1. osztálya számára /

Hlavní autor: Podhorná, Anna
Jazyk: Maďarština
Vydáno: Bratislava : Slovenské pedagogické nakladateľstvo, 1986
Vydání: 1. kiadás
Fyzický popis: 261 stran ; 21 cm
Knihy
Uloženo v:
LEADER 00852nam a22002532i 4500
001 001508100
003 CZ BrMZK
005 20160624100239.0
007 ta
008 160129s1986 xo er|||||||||||hun d
040 |a BOA001  |b cze  |e rda 
080 9 |a 78:372:373.5=945.11 
100 1 |a Podhorná, Anna  |7 jx20041202015  |4 aut 
245 1 0 |a Zenei nevelés és módszertan a pedagógiai szakközépiskolák 1. osztálya számára /  |c Anna Podhorná 
250 |a 1. kiadás 
264 1 |a Bratislava :  |b Slovenské pedagogické nakladateľstvo,  |c 1986 
300 |a 261 stran ;  |c 21 cm 
336 |a text  |b txt  |2 rdacontent 
337 |a bez média  |b n  |2 rdamedia 
338 |a svazek  |b nc  |2 rdacarrier 
910 |a BOA001  |b M2-0913.875 
990 |a BK 
991 |b 201601 
996 7 |b 2619146942  |c M2-0913.875  |l MZK  |r Sklad / do 24 hodin  |n 0  |w 001543247  |u 000010  |a 1  |e BOA001  |j MZK50  |s A